Monumenta peruana II 1576-1580

Saved in:
Bibliografiske detaljer
Hovedforfatter: Egaña, Antonio de (Author)
Format: Bog
Sprog:spansk
Udgivet: Roma Pontificiae Universitatis Gregoriane 1958
Fag:
Tags: Tilføj Tag
Ingen Tags, Vær først til at tagge denne postø!

MARC

LEADER 00000nam a2200000 a 4500
001 UCO3224
003 CL-VaPUC
008 000714e19580000IT |||||||||||||||||spa|d
082 0 4 |a 278.5  |b EGA  |2 21 
100 0 |a Egaña, Antonio de  |e author  |9 447206 
245 1 0 |a Monumenta peruana II 1576-1580 
300 |a 891 p 
942 |c BK 
945 |d 20000714 00:00:00  |a rherrera 
260 |a Roma  |b Pontificiae Universitatis Gregoriane  |c 1958 
650 7 |a EVANGELIZACION  |2 CL-VaPUC  |9 447207 
650 7 |a HISTORIA DE AMERICA SIGLO 16  |2 CL-VaPUC  |9 317731 
650 0 |a Jesuitas  |9 268366 
650 0 |a Inquisición (Iglesia Católica)  |9 258578 
650 7 |a OBISPADO  |2 CL-VaPUC  |9 447208 
650 0 |a Virreinato del Perú  |9 414472 
651 0 |a Perú  |9 256567 
583 |a last modification  |c 20160817 05:00:51  |k Rodrigo Vera 
999 |c 289692  |d 289690 
952 |0 0  |1 0  |4 0  |6 278_500000000000000_EGA_1958  |7 0  |8 A  |9 338290  |a BIBHIS  |b BIBHIS  |d 2019-11-20  |i 1298755  |o 278.5 EGA 1958  |p 1298755  |r 2025-01-20  |w 2019-11-20  |y BK  |k HIS